000 00781nam a2200253 i 4500
001 15462
003 ES-MaACL
005 20250808062717.0
007 t|
008 000316s1999 sp ||||1| spa d
020 _a84-7914-396-7
080 _a226.8.07
080 _a231.133.223
100 1 _aCabodevilla, José María.
_933240
245 1 3 _aEl padre del hijo pródigo /
_cJosé María Cabodevilla.
260 _aMadrid :
_bBiblioteca de Autores Cristianos,
_c1999.
300 _a297 p. ;
_c20 cm.
490 1 _aBiblioteca de autores cristianos ;
_v594
650 _aParábolas cristianas.
_9171877
650 1 4 _aDios-
_xMisericordia.
_911907
830 0 0 _aBiblioteca de autores cristianos
_v594
_9178679
852 _aES-MaACL
_jJ-581
_bR.127142
999 _c15462
_d15462